| 000 | 01081akm a2200361a 44500 | ||
|---|---|---|---|
| 008 | 960122s1990 cat | ||
| 041 | _acat | ||
| 080 | _a725.74(038) | ||
| 110 |
_aSant Joan Despí. Ajuntament. Servei Municipal de Català _965004 |
||
| 245 | _aLa piscina | ||
| 245 | _cSant Joan Despí. Ajuntament. Servei Municipal de Català | ||
| 245 | _cSant Just Desvern. Ajuntament. Servei Municipal de Català | ||
| 245 | _h[cartell] | ||
| 260 | _a[Barcelona] | ||
| 260 | _bGeneralitat de Catalunya. Direcció General de Política Lingüística | ||
| 260 | _c1990 | ||
| 300 | _bil. | ||
| 500 | _btermcat | ||
| 520 | _a40 | ||
| 591 | _a2873 | ||
| 592 | _aObra terminològica | ||
| 593 | _aHD | ||
| 593 | _aVE | ||
| 594 | _a2873 | ||
| 650 |
_aesports aquàtics _963330 |
||
| 650 |
_ainstal·lacions esportives _962110 |
||
| 710 |
_aSant Just Desvern. Ajuntament. Servei Municipal de Català _965005 |
||
| 901 | _c[<1990>?] | ||
| 902 | _a960122 | ||
| 942 |
_cMO _n0 |
||
| 999 |
_c54139 _d54139 |
||